LEADER 02589nam a2200469 a 4500 001 000000030721 003 CaOOAMICUS 005 20101015172034.0 008 970919m19892009gw u000 u ger r 020 $a3545231178 (Bd. III,1) 020 $a3545231194 (Bd. III,2) 020 $z978-3-7887-2345-3 (Bd. 4)* 020 $z978-3-491-52000-4 (Bd.4)* 020 $z3-545-23133-X (Bd. III,3, Benziger)* 020 $z3-7887-1810-2 (Bd. III,3, Neukirchener)* 035 $a10769951 040 $aPUL$bita$dLDB$delep 100 1 $aBovon, François,$d1938-$0(OLS)http://pul/name/21104 245 14$aDas Evangelium nach Lukas /$cFrançois Bovon. 260 $aZürich :$bBenziger ;$aNeukirchen-Vluyn :$bNeukirchener Verlag,$c1989-2009. 300 $a4 v. ;$c24 cm 490 1 $aEvangelisch-Katholischer Kommentar zum Neuen Testament ;$vIII, 1-4 505 1 $aV.1. Lk. 1,1 - 9,50. -- v.3. Lk 9,51 - 14,35. -- v.3. Lk 15,1 - 19,27. -- v.4. Lk 19,28 - 24,53. 730 0 $aBiblia.$pN.T.$pEvang. sec. Lucam.$lTedesco.$kGruppi, scelte.$0(OLS)http://pul/title/42201 830 0$aEvangelisch-Katholischer Kommentar zum Neuen Testament ;$vIII, 1-4.$0(OLS)http://pul/title/42192 850 $aPUL 852 $aPUL$W1$xSL Religione 1$y3$m1(6) M 3.1$j141311$nBK-PRI$av.1.$qStampati$B42462$CPULBib$Z2$F42462 $H62101 $82 852 $aPUL$W1$xSL Religione 1$y3$m1(6) M 3.2$j141312$nBK-PRI$av.2.$qStampati$B140361$CPULBib$Z2$F140361 $H76868 $82 852 $aPUL$W1$xSL Religione 1$y3$m1(6) M 3.4$j141313$nBK-PRI$av.4.$qStampati$B140362$CPULBib$Z2$F140362 $H109593 $82 852 $aPUL$W1$xSL Religione 1$y3$m1(6) M 3.3$j141980$av. III,3$qStampati$B140948$CPULBib$Z2$F140948 $H115016 $82 941 1 $a8 983 0$aEKK. 996 $6020$a3545231178 (Bd. III,1)$9(OLS)http://pul/number/38541 996 $6020$a3545231194 (Bd. III,2)$9(OLS)http://pul/number/38542 996 $6020$z978-3-7887-2345-3 (Bd. 4)*$9(OLS)http://pul/number/139815 996 $6020$z978-3-491-52000-4 (Bd.4)*$9(OLS)http://pul/number/139816 996 $6020$z3-545-23133-X (Bd. III,3, Benziger)*$9(OLS)http://pul/number/145624 996 $6020$z3-7887-1810-2 (Bd. III,3, Neukirchener)*$9(OLS)http://pul/number/145625 996 $6245$aDas Evangelium nach Lukas$9(OLS)http://pul/title/42126 996 $6260$aZürich :$bBenziger$9(OLS)http://pul/publisher/60632 996 $6260$aNeukirchen-Vluyn :$bNeukirchener Verlag$9(OLS)http://pul/publisher/48213 LEADER 01379nam a2200313 a 4500 001 000000172422 003 CaOOAMICUS 005 20190726131543.0 008 190726s2014 enk u000 u eng r 020 $z978-1-1047-68073-9* 032 $aLibriCat 040 $aPUL$bita 245 04$aThe Cambridge companion to Augustine /$cedited by David Vincent Meconi and Eleonore Stump. 250 $a2a ed. 260 $aCambridge :$bCambridge University Press,$cİ2014. 300 $aXIV, 379 p. ;$c23 cm 490 1 $aCambridge companions to philosophy 504 $aBibliografia in nota. 600 04$aAugustinus,$cs., vesc. d'Ippona,$d354-430$xFilosofia.$0(OLS)http://pul/subject/4423 700 1 $aMeconi, David Vincent.$0(OLS)http://pul/name/110686 700 1 $aStump, Eleonore,$d1947-$0(OLS)http://pul/name/32666 830 0$aCambridge companions to philosophy.$0(OLS)http://pul/title/42015 850 $aPUL 852 $aPUL$W1$xSL Filosofia 2$y80$mPhil A8 122$j196343$qStampati Altre Collocazioni$B201108$CPULBib$Z2$F201108 $H133134 $82 941 1 $a10 996 $6020$z978-1-1047-68073-9*$9(OLS)http://pul/number/166504 996 $6245$aThe Cambridge companion to Augustine$9(OLS)http://pul/title/74859 996 $6260$aCambridge :$bCambridge University Press$9(OLS)http://pul/publisher/50125